000 04227nam0a2200457 4500
001 RU\NLR\BIBL_A\016290475
005 20230407142146.0
010 _a978-5-00166-850-3
_9250
021 _aRU
_bКН-П-23-000822
_9КН-П-23-0069
035 _a(NLR Aleph) 016290475
035 _a(RuMoRGB)011523942
090 _a12942611
_c12942611
100 _a20230216d2022 k y0rusy50 ca
101 0 _arus
102 _aRU
105 _aa|||z|||1||z|
181 1 _ai3
_baxxe
182 1 _an
200 1 _aМеханика композиционных материалов и конструкций, сложных и гетерогенных сред
_eсборник трудов 12-й всероссийской научной конференции с международным участием им. И. Ф. Образцова и Ю. Г. Яновского (15-17 ноября 2022 года, г. Москва)
_fФедеральное государственное бюджетное учреждение науки Институт прикладной механики Российской академии наук, Отделение энергетики, машиностроения, механики и процессов управления Российской академии наук, Министерство науки и высшего образования Российской Федерации
_gсоставители: Власов А. Н. [и др.]
203 _aТекст
_bвизуальный
_cнепосредственный
210 _aМосква
_cСам Полиграфист
_d2022
215 _a584, [1] с.
_cил., табл.
_d23
300 _aЗагл. корешка: Сборник трудов 12-й всероссийской научной конференции с международным участием им. И. Ф. Образцова и Ю. Г. Яновского "Механика композиционных материалов и конструкций, сложных и гетерогенных сред", 2022
300 _aНа обл. подзаг.: 12-я Всероссийская научная конференция с международным участием, 17 ноября - 19 ноября 2020 года, Москва, Ленинградский проспект, 7: сборник трудов
300 _aЧасть информ. в кн. размещена в электрон. версии, доступ к которой в ссылках QR-кодов
313 _aПо пред. конф.
320 _aБиблиогр. в конце ст.
516 1 _aСборник трудов 12-й всероссийской научной конференции с международным участием им. И. Ф. Образцова и Ю. Г. Яновского "Механика композиционных материалов и конструкций, сложных и гетерогенных сред", 2022
606 1 _aКомпозиционные материалы
_xМеханические свойства
_jСъезды, совещания и т.п
_2nlr_sh2
_3RU\NLR\AUTH\661329793
606 1 _aКомпозиционные конструкции
_xМеханика
_jСъезды, совещания и т.п
_2nlr_sh2
_3RU\NLR\AUTH\661280984
675 _a539.3(082)
_v4
686 1 _aЖ437я431(2)
686 1 _aЖ366.062я431(2)
702 1 _aВласов
_bА. Н.
_cд-р техн. наук, механика
_gАлександр Николаевич
_3RU\NLR\AUTH\770138865
_4340
711 1 2 _a"Механика композиционных материалов и конструкций, сложных и гетерогенных сред", всероссийская научная конференция с международным участием
_d12
_f2022
_eМосква
_3RU\NLR\AUTH\880585264
712 0 2 _aИнститут прикладной механики
_cМосква
_3RU\NLR\AUTH\889974265
_4475
942 _cBOOK
980 _aNB